=LDR 00000nam 2200000 4500 =001 INLIS000000000047486 =005 20151208145128.0 =006 =007 =008 =020 ##$$a 979-963-643-4 =035 ##$$0010-121500000000027 =082 ##$$a 371.384-Ast-f =100 ##$$a Badiaul Muchlisin Asti =245 ##$$a Fun outbound =250 ##$$a Cet. 1 =260 ##$$a Jogjakarta $b Diva Press $c 2009 =300 ##$$a 276 Hlm $c 21 Cm =850 ##$$aNBPNMAT =990 ##$$a 0001/BPAP-NTB/2015